000 007750am a2200265 004500
003 EG-GiCUC
008 721128s1963 nyu 000 0 eng
010 _a 62021108
040 _aDLC
_cODaWU
_dUk
_dDLC
042 _apremarc
050 0 0 _aJQ215 1963
_b.S57
092 0 4 _a320.454
_bS6457
_221
099 _a04
_a320.454 S6457
100 1 _aSmith, Donald Eugene,
_d1927-
245 1 0 _aIndia as a secular state.
260 _aPrinceton, N.J.,
_bPrinceton University Press,
_c1963.
300 _a518 p.;
_c24cm
504 _aIncludes bibliography.
651 0 _aIndia
_xPolitics and government
_y1947-
902 _a1
905 _aDina Samir
_eCat
905 _aEman
_eRev
942 _2ddc
_cBK
999 _c107376
_d107376